Capitals and Largest Cities of Bosnia and Herzegovina - Statistics

General Stats
  • This quiz has been taken 14 times
  • The average score is 4 of 5
Answer Stats
Hint Capital % Correct
Entity Federation of Bosnia and Herzegovina Sarajevo
100%
Entity Republica Srpska Sarajevo
100%
Entity Republica Srpska Banja Luka
82%
Condominium Brčko District Brčko
73%
Entity Republica Srpska Istočno Sarajevo
27%
No matching quizzes found
Score Distribution
Percent of People with Each Score
Percentile by Number Answered
Your Score History
You have not taken this quiz